Statistics for Public Bathing Culture to Country

Click here to take the quiz!

General Stats

  • This quiz has been taken 171 times
  • The average score is 5 of 6

Answer Stats

Bathing typeCountry of Origin% Correct
Sweat LodgeCanada / United States
90%
SaunaFinland
87%
OnsenJapan
87%
BanyaRussia
65%
HammamTurkey
63%
JimjilbangSouth Korea
62%

Score Distribution

Percentile by Number Answered

Percent of People with Each Score

Your Score History

You have not taken this quiz